|
|
|
|
| LEADER |
01543nam a22004094a 4500 |
| 001 |
EBC3050494 |
| 003 |
MiAaPQ |
| 005 |
20200520144314.0 |
| 006 |
m o d | |
| 007 |
cr cn||||||||| |
| 008 |
011011s2001 dcua sb i001 0 eng |
| 010 |
|
|
|z 2001046928
|
| 020 |
|
|
|z 0821350390
|
| 035 |
|
|
|a (MiAaPQ)EBC3050494
|
| 035 |
|
|
|a (Au-PeEL)EBL3050494
|
| 035 |
|
|
|a (CaPaEBR)ebr5007778
|
| 035 |
|
|
|a (CaONFJC)MIL8768
|
| 035 |
|
|
|a (OCoLC)50322349
|
| 040 |
|
|
|a MiAaPQ
|c MiAaPQ
|d MiAaPQ
|
| 050 |
|
4 |
|a HD2768.L292
|b E88 2001
|
| 082 |
0 |
4 |
|a 363/.098
|2 21
|
| 100 |
1 |
|
|a Estache, Antonio.
|
| 245 |
1 |
0 |
|a Accounting for poverty in infrastructure reform
|h [electronic resource] :
|b learning from Latin America's experience /
|c Antonio Estache, Vivien Foster, Quentin Wodon.
|
| 260 |
|
|
|a Washington, D.C. :
|b World Bank,
|c 2001.
|
| 300 |
|
|
|a vii, 122 p. :
|b ill.
|
| 490 |
1 |
|
|a WBI development studies
|
| 504 |
|
|
|a Includes bibliographical references (p. 111-116) and index.
|
| 533 |
|
|
|a Electronic reproduction. Ann Arbor, MI : ProQuest, 2015. Available via World Wide Web. Access may be limited to ProQuest affiliated libraries.
|
| 650 |
|
0 |
|a Public utilities
|z Latin America.
|
| 650 |
|
0 |
|a Poverty
|z Latin America.
|
| 650 |
|
0 |
|a Privatization
|z Latin America.
|
| 655 |
|
4 |
|a Electronic books.
|
| 700 |
1 |
|
|a Foster, Vivien,
|d 1968-
|
| 700 |
1 |
|
|a Wodon, Quentin.
|
| 710 |
2 |
|
|a ProQuest (Firm)
|
| 830 |
|
0 |
|a WBI development studies.
|
| 856 |
4 |
0 |
|u https://ebookcentral.proquest.com/lib/matrademy/detail.action?docID=3050494
|z Click to View
|